000 01049cam a22003014a 4500
005 20260322212043.0
008 data
010 _a 00022446
020 _a073680594X
020 _a9780736805940
040 _aDLC
_cDLC
_dDLC
042 _alcac
_alcac
050 0 0 _aTK159
_b.D66 2001
082 0 0 _a621.319/24/023
_221
092 _a621.3 Don 2001
100 1 _aDonnelly, Karen J.
245 1 0 _aElectrician /
_cKaren J. Donnelly.
260 _aMankato, Minn. :
_bCapstone Books,
_cc2001.
300 _a48 p. :
_bcol. ill. ;
_c23 cm.
440 0 _aCareer exploration
504 _aIncludes bibliographical references (p. 44) and index.
520 _aIntroduces the career of electrician, discussing educational requirements, duties, work environment, salary, employment outlook, and possible future positions.
650 0 _aElectric engineering
_xVocational guidance
_vJuvenile literature.
650 0 _aElectricians
_vJuvenile literature.
_vJuvenile literature.
650 1 _aElectricians.
650 1 _aVocational guidance.
001 data
999 _c1006
_d1006